Antología crítica de la canción protesta /

Guardado en:
書目詳細資料
主要作者: Stilman, Eduardo (selec. y notas)
格式: 圖書
語言:西班牙语
主題:
標簽: 添加標簽
沒有標簽, 成為第一個標記此記錄!

MARC

LEADER 00000nam^a2200000^a^4500
001 000388001
005 20250521000000.0
008 101001
009 20260310121041.634
037 |a Acervo ITESO - Biblioteca 
041 |a ESP 
082 |a 787. 3  |b STI 
100 |a Stilman, Eduardo  |e (selec. y notas) 
245 1 0 |a Antología crítica de la canción protesta /  |c Selec. y notas de E. Stilman. 
264 |a Buenos Aires, Argentina :  |b Corregidor,  |c fecha no identificada 
300 |a 1972, c1972 
336 |a texto  |b txt  |2 rdacontenido 
337 |a sin mediación  |b n  |2 rdamedio 
338 |a volumen  |b nc  |2 rdasoporte 
649 |a XX 
650 |a Canción-Protesta -  |x Cancioneros -  |x Tema Principal 
650 |a Canción de Autor -  |x Cancioneros 
650 |a Música Popular Moderna -  |x Cancioneros 
650 |a Música -  |x Cancioneros 
650 |a Música y Sociedad 
910 |a Fondo General 
920 |a Impresos - Libros 
930 |a Colección General 
905 |a 101 
901 |a 0500282486  |b IT1  |c ACC  |i D77262  |u 20250521 
902 |a https://opac.biblio.iteso.mx/vufind/Record/000388001